000 00582nam a22002057a 4500
003 BD-DhJNU
005 20250903064645.0
008 250903b |||||||| |||| 00| 0 eng d
020 _a8170231442
040 _aBD-DhJNU
_bENG
_cBD-DhJNU
_dBD-DhJNU
082 _223
_a940.28
100 _aLipson, E.
245 _aEurope in the 19th & 20th centuries /
_cE. Lipson.
250 _a8th ed.
260 _aNew Delhi :
_bAllied Publishers Limited,
_c1960.
300 _ax, 504 p. :
_bill. ;
_c23 cm.
504 _aincludes index
650 _aPolitics and government
942 _2ddc
_cBK
_n0
999 _c2075
_d2075